LEADER 02012nam 2200481 450 001 9910466288403321 005 20171228124915.0 035 $a(CKB)3710000001134236 035 $a(MiAaPQ)EBC4835292 035 $a(DLC) 2017030998 035 $a(EXLCZ)993710000001134236 100 $a20170425h20172017 uy 0 101 0 $aeng 135 $aurcnu|||||||| 181 $2rdacontent 182 $2rdamedia 183 $2rdacarrier 200 14$aThe abstraction engine $eextracting patterns in language, mind and brain /$fMichael Fortescue 210 1$aAmsterdam, [Netherlands] ;$aPhiladelphia, [Pennsylvania] :$cJohn Benjamins Publishing Company,$d2017. 210 4$d©2017 215 $a1 online resource (200 pages) $cillustrations 225 1 $aAdvances in Consciousness Research ;$v94 311 $a90-272-1361-5 311 $a90-272-6584-4 320 $aIncludes bibliographical references and index. 327 $aIntroduction: Abstraction all the way down -- Language, abstract and less abstract -- CoGnitive linguistics: Language embodied -- Abstraction, metaphor and cultural context -- The abstraction of events in narrative and memory -- Pre-linguistic abstraction and projection: perception and imagination -- The feel of things: abstract emotion -- Neurological underpinnings: the world seen through hidden layers -- Abstraction at work: It's child's play -- The philosophical approach -- Abstraction all the way up: its evolutionary purpose. 410 0$aAdvances in consciousness research ;$v94. 606 $aAbstraction 606 $aThought and thinking 606 $aNeurolinguistics 608 $aElectronic books. 615 0$aAbstraction. 615 0$aThought and thinking. 615 0$aNeurolinguistics. 676 $a153.24 700 $aFortescue$b Michael$0662476 801 0$bMiAaPQ 801 1$bMiAaPQ 801 2$bMiAaPQ 906 $aBOOK 912 $a9910466288403321 996 $aThe abstraction engine$92159384 997 $aUNINA LEADER 00953nam a2200253 i 4500 001 991003994489707536 005 20020506112016.0 008 000704s1960 it ||| | fre 035 $ab10584754-39ule_inst 035 $aEXGIL130447$9ExL 040 $aBiblioteca Interfacoltà$bita 082 0 $a842.4 100 1 $aCorneille, Pierre$d<1606-1684>$0131516 245 10$aPolyeucte /$cCorneille ; introduction et notes par Pierre Moreau 260 $aRoma :$bSignorelli,$c1960 300 $a140 p. 700 1 $aMoreau, Pierre 907 $a.b10584754$b02-04-14$c27-06-02 912 $a991003994489707536 945 $aLE002 Fr. III M 3$g1$i2002000953421$lle002$o-$pE0.00$q-$rl$s- $t0$u0$v0$w0$x0$y.i10668603$z27-06-02 945 $aLE002 Fondo Giudici H 941$g2$i2002000303004$lle002$o-$pE0.00$q-$rn$so $t0$u0$v0$w0$x0$y.i15125853$z10-05-10 996 $aPolyeucte$9136261 997 $aUNISALENTO 998 $ale002$b01-01-00$cm$da $e-$ffre$git $h0$i1 LEADER 01954oam 2200529M 450 001 9910716514003321 005 20210706134233.0 035 $a(CKB)5470000002523019 035 $a(OCoLC)1065608165 035 $a(OCoLC)995470000002523019 035 $a(EXLCZ)995470000002523019 100 $a20071213d1926 ua 0 101 0 $aeng 135 $aurcn||||||||| 181 $ctxt$2rdacontent 182 $cc$2rdamedia 183 $acr$2rdacarrier 200 10$aRegulating the practice of chiropractic in the District of Columbia. June 23 (calendar day, June 26), 1926. -- Ordered to be printed 210 1$a[Washington, D.C.] :$c[U.S. Government Printing Office],$d1926. 215 $a1 online resource (2 pages) 225 1 $aSenate report / 69th Congress, 1st session. Senate ;$vno. 1162 225 1 $a[United States congressional serial set] ;$v[serial no. 8526.] 300 $aBatch processed record: Metadata reviewed, not verified. Some fields updated by batch processes. 300 $aFDLP item number not assigned. 517 $aRegulating the practice of chiropractic in the District of Columbia. June 23 606 $aChiropractic 606 $aChiropractors 606 $aHealth occupations licensing boards 606 $aLegislative amendments 606 $aPhysicians 608 $aLegislative materials.$2lcgft 615 0$aChiropractic. 615 0$aChiropractors. 615 0$aHealth occupations licensing boards. 615 0$aLegislative amendments. 615 0$aPhysicians. 701 $aCapper$b Arthur$f1865-1951$pRepublican (KS)$01386839 801 0$bWYU 801 1$bWYU 801 2$bOCLCO 801 2$bOCLCQ 801 2$bOCLCO 801 2$bOCLCQ 906 $aBOOK 912 $a9910716514003321 996 $aRegulating the practice of chiropractic in the District of Columbia. June 23 (calendar day, June 26), 1926. -- Ordered to be printed$93494306 997 $aUNINA